| 000 | 01725nam a2200445 c 4500 | ||
|---|---|---|---|
| 001 | 18312 | ||
| 003 | ES-MaCES | ||
| 005 | 20200226040009.0 | ||
| 008 | 051215s2005 sp d t 000 | spa d | ||
| 017 |
_aM 47040-2005 _bDL |
||
| 020 | _a8487851819 | ||
| 035 | _aCES20050014689m | ||
| 040 |
_aES-MaCES _bspa _cES-MaCES |
||
| 100 | 1 |
_aGarcía Díaz, Miguel Ángel _912862 |
|
| 245 | 1 | 0 |
_aSituación de la economía española y Presupuestos Generales del Estado 2006 _cMiguel Ángel García Díaz, Carlos Martín Urriza, Luis Zarapuz Puertas |
| 260 |
_a[Madrid] _bConfederación Sindical de CC.OO. _c2005 |
||
| 300 |
_a253 p. _bgráf. _c24 cm |
||
| 500 | _aEn la port.: Confederación Sindical de CC.OO., Gabinete Económico | ||
| 541 | _cGratuito | ||
| 650 | 4 |
_apresupuesto nacional _928073 |
|
| 650 | 4 |
_aadministración pública _927214 |
|
| 650 | 4 |
_apolítica presupuestaria _930829 |
|
| 650 | 4 |
_adistribución del ingreso _927109 |
|
| 650 | 4 |
_adistribución del gasto _930938 |
|
| 650 | 4 |
_acondiciones económicas _927081 |
|
| 650 | 4 |
_amercado de trabajo _928292 |
|
| 650 | 4 |
_aEspaña _926964 |
|
| 650 | 4 |
_a2006 _931838 |
|
| 650 | 4 |
_ainforme _928986 |
|
| 653 | 1 | 0 | _aHacienda Pública |
| 700 | 1 |
_aMartín Urriza, Carlos _918029 |
|
| 700 | 1 |
_aZarapuz Puertas, Luis _926530 |
|
| 710 | 2 |
_aComisiones Obreras _eed. _92105 |
|
| 710 | 2 |
_aComisiones Obreras _bGabinete Económico _92134 |
|
| 787 | 0 |
_tSituación de la economía española y Presupuestos Generales del Estado 2007 _w(ES-MaCES)19588 |
|
| 787 | 0 |
_tSituación de la economía española y Presupuestos Generales del Estado 2005 _w(ES-MaCES)17193 |
|
| 902 | _aLIB Libro | ||
| 942 |
_2CES _cBK _h0.1. |
||
| 999 |
_c18312 _d18312 |
||